000 00539 a2200169 4500
999 _c170
_d170
020 _a9780195718683
050 _aBF637 GIB 2014
100 _aGibson, Kerry
_eauthor
245 _aCounselling and coping /
_cKerry Gibson, Leslie Swartz, Rob Sandenbergh
264 _aCape Town :
_bOxford University Press,
_c2014
300 _a143p. :
500 _aIncludes bibliogaphical references and index
650 _aCounselling psychology
700 _aSwartz, Leslie
_eauthor
700 _aSandenbergh, Rob
_eauthor
942 _2lcc
_cBK
_h637
_iGIB
_kBF